| 000 | 00388nam a22001337a 4500 | ||
|---|---|---|---|
| 008 | 190704b xxu||||| |||| 00| 0 eng d | ||
| 020 | _a9780545206433 | ||
| 050 |
_aSF 416 _b.Z85 2010 |
||
| 100 | _aAllan Zullo | ||
| 245 |
_aBad pets: _btrue tales of misbehaving animals/ 1130 _cAllan Zullo |
||
| 260 |
_aNew York: _bScholastic Inc. _c2010. |
||
| 300 | _a112 p. : 190cm. | ||
| 942 |
_2lcc _cBK |
||
| 999 |
_c361937 _d361937 |
||